Statistiche per Albo d'oro Serie B

Clicka qui per fare il quiz!

Statistiche generali

  • Questo quiz è stato fatto 174 volte
    (115 dall'ultimo reset)
  • Il punteggio medio è 77 su 99

Statistiche sulle risposte

AnnoVincitore% Corretto
2006-2007Juventus
100%
1980-1981Milan
97%
1982-1983Milan
97%
2013-2014Palermo
94%
2003-2004Palermo
94%
1947-1948Palermo
94%
1967-1968Palermo
94%
1931-1932Palermo
94%
1953-1954Catania
92%
2022-2023Frosinone
92%
1996-1997Brescia
91%
1964-1965Brescia
91%
2018-2019Brescia
91%
1991-1992Brescia
91%
1961-1962Genoa
91%
1972-1973Genoa
91%
1952-1953Genoa
91%
1975-1976Genoa
91%
1934-1935Genoa
91%
1988-1989Genoa
91%
1968-1969Lazio
91%
1966-1967Sampdoria
91%
2008-2009Bari
90%
1941-1942Bari
90%
1987-1988Bologna
90%
1995-1996Bologna
90%
1949-1950Napoli
90%
1983-1984Atalanta
89%
2010-2011Atalanta
89%
2005-2006Atalanta
89%
1939-1940Atalanta
89%
1958-1959Atalanta
89%
2015-2016Cagliari
89%
1959-1960Torino
89%
2000-2001Torino
89%
1989-1990Torino
89%
1938-1939Fiorentina
88%
1930-1931Fiorentina
88%
1993-1994Fiorentina
88%
2009-2010Lecce
88%
2021-2022Lecce
88%
1951-1952Roma
88%
1978-1979Udinese
88%
1955-1956Udinese
88%
2007-2008Chievo
84%
2012-2013Sassuolo
84%
1965-1966Venezia
82%
1960-1961Venezia
82%
1946-1947Salernitana
81%
1997-1998Salernitana
81%
1981-1982Verona
81%
1998-1999Verona
81%
1956-1957Verona
81%
2019-2020Benevento
78%
2004-2005Empoli
77%
2017-2018Empoli
77%
2020-2021Empoli
77%
1962-1963Messina
76%
2011-2012Pescara
76%
1986-1987Pescara
76%
1954-1955Vicenza
76%
1999-2000Vicenza
76%
1976-1977Vicenza
76%
1979-1980Como
75%
2001-2002Como
75%
1948-1949Como
75%
1986-1987Pisa
75%
1984-1985Pisa
75%
1936-1937Livorno
74%
1932-1933Livorno
74%
1942-1943Modena
73%
1937-1938Modena
73%
1992-1993Reggiana
73%
2016-2017Spal
73%
1950-1951Spal
73%
1974-1975Perugia
70%
1957-1958Triestina
70%
1990-1991Foggia
69%
1985-1986Ascoli
65%
1977-1978Ascoli
65%
1994-1995Piacenza
64%
2014-2015Carpi
61%
1935-1936Novara
61%
1937-1938Novara
61%
1947-1948Novara
61%
2002-2003Siena
61%
1971-1972Ternana
61%
1947-1948Padova
60%
1945-1946Alessandria
59%
1970-1971Mantova
55%
1929-1930Casale
53%
1946-1947Lucchese
52%
1935-1936Lucchese
52%
1963-1964Varese
52%
1969-1970Varese
52%
1973-1974Varese
52%
1946-1947Pro Patria
47%
1940-1941Liguria
22%
1933-1934Sampierdarenese
20%

Distribuzione punteggi

Percentile per numero di risposta

Percentuale di utenti per punteggio

I tuoi punteggi nel tempo

Non hai fatto questo quiz dall'ultimo reset